000 00570nam a2200193Ia 4500
008 210417s9999 xx 000 0 und d
020 _a9781781545911
020 _b178154591X
082 _a624 YAN
082 _b22.624 YAN
245 0 _aFuzzy randomness : uncertainty in civil engineering
245 0 _cFuzzy randomness uncertainty in civil engineering
250 _b"xi, 296 p. : ill. ; 26 cm., hbk."
260 _aLondon
260 _bAuris Reference Limited
260 _c2016
700 _a"Yang, Yuanlong "
700 _bYuanlong Yang and Fangmeng Zheng
999 _c490899
_d490899